| 000 | 004910000a22001930004500 | ||
|---|---|---|---|
| 001 | 003655 | ||
| 003 | MACL | ||
| 005 | 20150708130704.0 | ||
| 008 | 150708b xxu||||| |||| 00| 0 eng d | ||
| 040 |
_aMACL _cMACL |
||
| 041 | _aEnglish | ||
| 082 | _a320 | ||
| 100 |
_aOommen, M.A. _9808 |
||
| 245 |
_aCrisis In Indian _bStudies In Political Economy _cM.A. Oommen |
||
| 260 |
_aNew Delhi _c1995 _bKhma Publishers, |
||
| 350 | _a390 | ||
| 650 |
_aPolitical Science _988 |
||
| 942 |
_k320 _cBK _2ddc |
||
| 999 |
_c15552 _d15552 |
||